Normal view
MARC view
Entry Personal Name
001 - CONTROL NUMBER
- control field: 77291
003 - CONTROL NUMBER IDENTIFIER
- control field: dpl
005 - DATE AND TIME OF LATEST TRANSACTION
- control field: 20250131113350.0
008 - FIXED-LENGTH DATA ELEMENTS
- fixed length control field: 250131|| aca||aabn | a|a d
040 ## - CATALOGING SOURCE
- Original cataloging agency: dpl
- Transcribing agency: dpl
100 ## - HEADING--PERSONAL NAME
- Personal name: Rao nageswara penumaka
670 ## - SOURCE DATA FOUND
- Source citation: Work cat.: (dpl)208894: Rao nageswara penumaka, The Nectar of Life/, 2015
